000
00260nam a22001097a 4500
008
170118b xxu||||| |||| 00| 0 eng d
020
_a
9780130549242
041
_a
eng
080
_2
3RD
_a
618.2
245
_a
NURSING IN THE COMMUNITY
_c
CLARK, M.J
942
_2
udc
_c
BK
999
_c
3082
_d
3082